Stormflow chemistry in the Santa Ana River below Prado Dam and at the diversion downstream from Imperial Highway, southern California, 1995-98 /

Bibliographic Details
Main Author: Izbicki, John A.
Corporate Authors: Orange County Water District (Calif.), Geological Survey (U.S.)
Other Authors: Mendez, Gregory O., Burton, Carmen A.
Format: Government Document eBook
Language:English
Published: Sacramento, Calif. : Denver, CO : U.S. Dept. of the Interior, U.S. Geological Survey ; USGS Information Services [distributor], 2000.
Series:Water-resources investigations report ; 00-4127.
Subjects:
Online Access:https://purl.fdlp.gov/GPO/gpo110885

MARC

Tag First Indicator Second Indicator Subfields
LEADER 00000cam a2200000Ia 4500
001 in00004019213
005 20190422104722.0
006 m o d f
007 cr mn|||||||||
008 101112s2000 cauab ob f000 0 eng d
019 |a 49208669  |a 622478390  |a 667913670  |a 985367627 
035 |a (OCoLC)ocn681191608 
040 |a OCLCE  |b eng  |e pn  |c OCLCE  |d EYM  |d C@R  |d OCLCQ  |d OCLCF  |d OCLCQ  |d OCLCO  |d OCLCQ  |d COP  |d GPO  |d MvI  |d UtOrBLW 
042 |a dlr 
043 |a n-us-ca 
049 |a WWW 
050 4 |a GB701  |b .W375 no. 00-4127 
050 4 |a TD225.S29  |b I9 2000 
070 1 |a GB701  |b .W375 no. 2000-4127 
072 0 |a P200 
074 |a 0624-B (online) 
086 0 |a I 19.42/4:00-4127 
100 1 |a Izbicki, John A.  |0 http://id.loc.gov/authorities/names/n84136961 
245 1 0 |a Stormflow chemistry in the Santa Ana River below Prado Dam and at the diversion downstream from Imperial Highway, southern California, 1995-98 /  |c by John A. Izbicki, Gregory O. Mendez, and Carmen A. Burton ; prepared in cooperation with the Orange County Water District. 
246 1 |i Filing title on p. 4 of cover:  |a Stormflow chemistry, Santa Ana River below Prado Dam and at the diversion downstream from Imperial Highway, southern California, 1995-98 
264 1 |a Sacramento, Calif. :  |b U.S. Dept. of the Interior, U.S. Geological Survey ;  |a Denver, CO :  |b USGS Information Services [distributor],  |c 2000. 
300 |a 1 online resource (vi, 92 pages) :  |b illustrations (some color), maps (some color). 
336 |a text  |b txt  |2 rdacontent 
337 |a computer  |b c  |2 rdamedia 
338 |a online resource  |b cr  |2 rdacarrier 
490 1 |a Water-resources investigations report ;  |v 00-4127 
504 |a Includes bibliographical references (pages 36-37). 
588 |a Description based on online resource; title from PDF title page (USGS, viewed Nov. 5, 2018). 
500 |a Electronic resource. 
650 0 |a Water quality  |z California  |z Santa Ana River. 
650 0 |a Water chemistry  |z California  |z Santa Ana River. 
650 7 |a Water chemistry.  |2 fast  |0 (OCoLC)fst01171592 
650 7 |a Water quality.  |2 fast  |0 (OCoLC)fst01171832 
651 7 |a California  |z Santa Ana River.  |2 fast  |0 (OCoLC)fst01245351 
700 1 |a Mendez, Gregory O.  |0 http://id.loc.gov/authorities/names/n98070279 
700 1 |a Burton, Carmen A.  |0 http://id.loc.gov/authorities/names/no2001007214 
710 1 |a Orange County Water District (Calif.)  |0 http://id.loc.gov/authorities/names/n81000568 
710 2 |a Geological Survey (U.S.)  |0 http://id.loc.gov/authorities/names/n80092173 
776 0 8 |i Print version:  |a Izbicki, John A.  |t Stormflow chemistry in the Santa Ana River below Prado Dam and at the diversion downstream from Imperial Highway, southern California, 1995-98  |w (DLC) 2001315486  |w (OCoLC)45662397 
830 0 |a Water-resources investigations report ;  |v 00-4127.  |0 http://id.loc.gov/authorities/names/n84746268 
856 4 0 |u https://purl.fdlp.gov/GPO/gpo110885  |t 0 
999 f f |s 23b18e0c-39d6-31ca-8967-71641be4ff00  |i 8913bfd3-ad97-3295-8d02-d83877af75a2  |t 0 
952 f f |a Texas A&M University  |b College Station  |c Electronic Resources  |d Available Online  |t 0  |e I 19.42/4:00-4127  |h Superintendent of Documents classification 
998 f f |a I 19.42/4:00-4127  |t 0  |l Available Online